LEADER 01307nam 2200421 450 001 9910466992103321 005 20200520144314.0 010 $a3-8325-9611-9 035 $a(CKB)4340000000242982 035 $a(MiAaPQ)EBC5223955 035 $a(Au-PeEL)EBL5223955 035 $a(CaPaEBR)ebr11539662 035 $a(OCoLC)1021804049 035 $a(EXLCZ)994340000000242982 100 $a20180530d2013 uy 0 101 0 $ager 135 $aurcnu|||||||| 181 $ctxt$2rdacontent 182 $cc$2rdamedia 183 $acr$2rdacarrier 200 10$aKonzeptwandelprozesse im Anfangsunterricht Chemie $eEine quasiexperimentelle La?ngsschnittstudie /$fBarbara Hank 210 1$aBerlin :$cLogos Berlin,$d2013. 215 $a1 online resource (250 pages) $cillustrations 225 0 $aStudien zum Physik- und Chemielernen ;$vBand 155 311 $a3-8325-3519-5 320 $aIncludes bibliographical references. 606 $aLongitudinal method 608 $aElectronic books. 615 0$aLongitudinal method. 676 $a001.433 700 $aHank$b Barbara$0948221 801 0$bMiAaPQ 801 1$bMiAaPQ 801 2$bMiAaPQ 906 $aBOOK 912 $a9910466992103321 996 $aKonzeptwandelprozesse im Anfangsunterricht Chemie$92143267 997 $aUNINA LEADER 02266oas 2200937 a 450 001 9910139534603321 005 20260218111337.0 011 $a1179-5530 035 $a(OCoLC)704301858 035 $a(CONSER) 2011247754 035 $a(CKB)2550000000016461 035 $a(DE-599)ZDB2651624-X 035 $a(TW-Airiti)jkey=P20160620007 035 $a(TW-Airiti)P20160620007 035 $a(MiFhGG)5RLX 035 $a(MiAaPQ)1096336 035 $a(DE-599)2651624-X 035 $a(EXLCZ)992550000000016461 100 $a20091209a20119999 uy a 101 0 $aeng 135 $aur||||||||||| 181 $ctxt$2rdacontent 182 $cc$2rdamedia 183 $acr$2rdacarrier 200 00$aClinical medicine insights$iGeriatrics 210 $a[Auckland, N.Z.] $cLibertas Academica$d[2011]- 210 31$aThousand Oaks, CA :$cSAGE Publications 300 $aRefereed/Peer-reviewed 517 3 $aGeriatrics 531 1 $aClin. med. insight, Geriatr. 606 $aGeriatrics$vPeriodicals 606 $aGeriatrics 606 $aGeriatric Medicine 606 $aGe?riatrie$vPe?riodiques 606 $aGeriatrics$2fast$3(OCoLC)fst00941257 608 $aPeriodical. 608 $aFulltext. 608 $aPeriodicals. 608 $aPeriodicals.$2fast 608 $aPeriodicals.$2lcgft 615 0$aGeriatrics 615 2$aGeriatrics. 615 4$aGeriatric Medicine. 615 6$aGe?riatrie 615 7$aGeriatrics. 676 $a618.97005 801 0$bNZ1 801 1$bNZ1 801 2$bPFM 801 2$bHEBIS 801 2$bCUS 801 2$bOCLCQ 801 2$bOCLCF 801 2$bOCLCO 801 2$bEUW 801 2$bOCLCO 801 2$bOCLCQ 801 2$bOCLCO 801 2$bOCLCQ 801 2$bNLM 801 2$bCASUM 801 2$bOCLCO 801 2$bWT2 801 2$bOCLCQ 801 2$bOCLCA 801 2$bOCLCQ 801 2$bAU@ 801 2$bUKMGB 801 2$bOCLCA 801 2$bOCLCQ 801 2$bCNMTR 801 2$bOCLCQ 801 2$bLDP 801 2$bOCLCQ 801 2$bUEJ 801 2$bOCLCQ 801 2$bAUD 906 $aJOURNAL 912 $a9910139534603321 996 $aClinical medicine insights$91939883 997 $aUNINA